[Event "GER-ch 72nd"]
[Site "Heringsdorf"]
[Date "2000.11.20"]
[Round "4"]
[White "Enders, Peter"]
[Black "Graf, Alexander"]
[Result "0-1"]
[WhiteElo "2468"]
[BlackElo "2642"]
[Annotator "Wedberg,T"]
[PlyCount "86"]
[EventDate "2000.11.17"]
[EventType "swiss"]
[EventRounds "9"]
[EventCountry "GER"]
[SourceTitle "CBM 080"]
[Source "ChessBase"]
[SourceDate "2001.01.25"]
[SourceVersion "1"]
[SourceVersionDate "2001.01.25"]
[SourceQuality "1"]

1. e4 {Ernst} e5 2. Nf3 Nc6 3. Bb5 a6 4. Ba4 Nf6 5. O-O Be7 6. Re1 b5 7. Bb3 d6
8. c3 O-O 9. h3 Na5 10. Bc2 c5 11. d4 Nd7 12. Nbd2 exd4 13. cxd4 Nc6 14. d5
Nce5 15. Nxe5 (15. a4 b4 16. a5 Ra7 17. Nxe5 Nxe5 18. f4 Ng6 19. Nc4 Bd7 20.
Be3 Bb5 21. b3 Bh4 22. Rf1 Re8 $132 {0-1 Cela,A-Nenashev,A/Kavala 1997/EXT
2001 (38)}) 15... Nxe5 (15... dxe5 16. Nf1 Nf6 (16... c4 17. Be3 Bb4 18. Re2
Bb7 19. Ng3 g6 $14 {1/2-1/2 Luther,T-Skembris,S/Turin 1996/EXT 98 (37)}) 17. b3
Ne8 18. Bb2 f6 19. Qh5 {1/2-1/2 Peptan,C-Olarasu,G/Timisu de Sus 1998/EXT 2000
(19)}) 16. f4 Ng6 17. Nf3 f5 {This looks like suicide, but it´s a mirage.
Black gest a strong game if White tries to push.} 18. Qe2 {'?!' Ernst.} (18. e5
dxe5 19. fxe5 Bb7 20. d6 Bh4 21. Rf1 (21. Nxh4 Qxh4 22. e6 Qg3 23. Re2 Nh4 24.
Qd3 Nf3+ 25. Kf1 Nh2+ $11) 21... Bg3 22. Ng5 Nh4 23. Qh5 h6 24. Ne6 Qb6 $13 {
0-1 Korneev,O-Nenashev,A/Jakarta 1997/EXT 2000 (63)}) (18. a4 b4 19. e5 Bh4 20.
Rf1 Bg3 21. Ng5 h6 22. Ne6 Bxe6 23. dxe6 dxe5 24. Bb3 Qe7 25. fxe5 c4 $17 {
1/2-1/2 Nedela,V-Talla,V/CSR-ch U18 1990/EXT 97 (35)}) (18. e5 $1 {Ernst The
only chance to get advantage.}) 18... fxe4 19. Bxe4 Ra7 $1 {Defends e7 and
prepars to shift the R over to the K-side.} 20. Qc2 Bh4 21. Re2 (21. Bxg6 $2
Bxe1 22. Bxh7+ Kh8 23. Nxe1 Qh4 $17) 21... Raf7 $1 22. Bxg6 hxg6 23. Nxh4 Qxh4
24. Qxg6 {A P up for White but d5 will be lost, so it´s really White having
problems here.} Rf6 25. Qe4 Qh5 26. Bd2 Bb7 $15 27. Rae1 Bxd5 28. Qe7 Bc6 29.
Qc7 Qd5 30. Rf2 Rg6 31. Ree2 Kh7 32. Kh2 Rf5 33. a3 Rh5 34. Rf3 Qc4 35. f5 Rg4
$1 (35... Rxf5 36. Rxf5 Qxe2 37. Qxc6 Qxd2 38. Rh5+ Rh6 39. Qe4+ $11) 36. Rff2
Qd3 $40 37. Qxc6 (37. Be3 Bxg2 $1 38. Rxg2 Qxf5 $40) 37... Qg3+ 38. Kg1 Qxh3
39. Rf3 Qh2+ 40. Kf1 Qh1+ 41. Kf2 Rxg2+ 42. Ke3 Rxe2+ 43. Kxe2 Rh2+ (43... Rh2+
44. Ke3 (44. Kd3 Qd1 $19) 44... Qg1+ $19) 0-1

[Event "North Sea Cup 15th"]
[Site "Esbjerg"]
[Date "2000.07.14"]
[Round "8"]
[White "Svidler, Peter"]
[Black "Hansen, Lars Bo"]
[Result "1-0"]
[WhiteElo "2689"]
[BlackElo "2562"]
[Annotator "Wedberg,T"]
[PlyCount "81"]
[EventDate "2000.07.07"]
[EventType "tourn"]
[EventRounds "9"]
[EventCountry "DEN"]
[EventCategory "14"]
[SourceTitle "CBM 078"]
[Source "ChessBase"]
[SourceDate "2000.10.18"]
[SourceVersion "1"]
[SourceVersionDate "2000.10.18"]
[SourceQuality "1"]

1. e4 e5 2. Nf3 Nc6 3. Bb5 a6 4. Ba4 Nf6 5. O-O Be7 6. Re1 b5 7. Bb3 d6 8. c3
O-O 9. h3 Na5 10. Bc2 c5 11. d4 Bb7 12. Nbd2 cxd4 13. cxd4 exd4 14. Nxd4 Re8
15. b3 g6 (15... Bf8 16. Bb2 g6 17. Qf3 (17. Re2 $6 Bg7 18. Qe1 Rc8 19. Rd1 Nh5
$1 20. Bb1 Nf4 21. Re3 Qf6 $15 {0-1 Leko,P-Fritz 6/Frankfurt 1999/CBM 72/
[Luther] (49)}) (17. b4 Nc6 (17... Nc4 $5) 18. Nxc6 Bxc6 19. Qf3 Bg7 20. Bb3
$14 {1-0 Milos,G-Spangenberg,H/Buenos Aires 1998/CBM 67 ext (41)}) 17... Bg7
18. Rad1 Rc8 19. Bb1 Qe7 20. Qe3 $14 {1-0 Short,N-Thipsay,P/Torquay 1998/CBM
66 ext (65)}) 16. Bb2 Nd7 (16... Bf8) 17. Nf1 Bf6 18. Ne3 $1 {White has a very
harmonious position. A more or less ideal setup in the Ruy Lopez.} Nc6 (18...
Bxe4 $6 19. Ng4 Bxc2 20. Rxe8+ Qxe8 21. Nxf6+ Nxf6 22. Nxc2 $36 {[%csl Rg7,Rh8]
[%cal Yb2h8] The B is tremendous.}) 19. Nxc6 Bxc6 20. Bxf6 Nxf6 21. Qd4 Re6 22.
f3 a5 23. b4 $1 {White prepares to put his B on the a2-f7 diagonal.} a4 24.
Rac1 Qe8 25. Red1 Rd8 26. Bb1 Ba8 27. a3 $16 d5 28. Rc7 Rdd6 29. Ba2 dxe4 30.
Qxd6 $1 $40 {[%mdl 64]} Rxd6 31. Rxd6 Qe5 32. Rd8+ Kg7 33. Rxf7+ Kh6 34. Rxf6
$1 $18 Qa1+ 35. Kh2 exf3 36. Ng4+ Kg5 37. Bd5 fxg2 38. Bxg2 Bxg2 39. Kxg2 h5 (
39... Qxa3 40. Rd5+ Kh4 41. Nf2 Qg3+ 42. Kf1 Qc7 43. Rf3 $18) 40. Rd5+ Kh4 41.
Rf4 $1 1-0

[Event "Olympiad-33"]
[Site "Elista"]
[Date "1998.10.06"]
[Round "8.1"]
[White "Timman, Jan H"]
[Black "Magomedov, Magaram"]
[Result "1-0"]
[WhiteElo "2655"]
[BlackElo "2540"]
[Annotator "Wedberg,T"]
[PlyCount "67"]
[EventDate "1998.09.29"]
[EventType "team-swiss"]
[EventRounds "13"]
[EventCountry "RUS"]
[SourceTitle "CBM 068"]
[Source "ChessBase"]
[SourceDate "1999.02.01"]
[SourceVersion "1"]
[SourceVersionDate "1999.02.01"]
[SourceQuality "1"]
[WhiteTeam "Netherlands"]
[BlackTeam "Tajikistan"]
[WhiteTeamCountry "NED"]
[BlackTeamCountry "TJK"]

1. e4 e5 2. Nf3 Nc6 3. Bb5 a6 4. Ba4 Nf6 5. O-O Be7 6. Re1 b5 7. Bb3 d6 8. c3
O-O 9. h3 Na5 10. Bc2 c5 11. d4 Nd7 12. Nbd2 cxd4 13. cxd4 Bf6 (13... Nc6 $142)
14. Nf1 Nc4 (14... Nc6 15. Be3 exd4 16. Nxd4 Nde5 17. Bb3 Bd7 (17... Nxd4 18.
Bxd4 Bb7 19. Rc1 Nd7 20. Ng3 Re8 21. Nf5 $16 {1-0 Tal,M-Johannsson,I/Reykjavik
1964/MCD (26)}) 18. Ng3 Ng6 19. Qd2 Nxd4 20. Bxd4 Be5 21. Rad1 Be6 22. Nf5 $14
{1-0 Kavalek,L-Novopashin,A/Polanica Zdroj 1964/MCD (84)}) (14... exd4 15. Nxd4
Ne5 16. Ne3 Nac4 17. Nd5 Bb7 18. Nxf6+ Qxf6 19. b3 Nc6 20. Nxc6 Bxc6 21. Rb1
Ne5 22. Be3 Rfe8 23. Bd4 $14 {1-0 Parma,B-Cobo Arteaga,E/Havana 1969/MCD (56)})
15. b3 Ncb6 16. Bb2 g6 17. Ne3 Bg7 18. Qd2 Bb7 19. Rad1 Re8 20. Ng4 $16 Qe7 (
20... Rc8 21. Bb1 h5 22. Nh6+ $1 Kf8 23. Ba3 $40) 21. Ba3 exd4 22. Nh6+ $1 {
[%mdl 64] This move starts a series of tactical strokes that are quite
entertaining. The key square in the turbulance is f7.} Kh8 (22... Kf8 23. Nxd4
Nc5 24. Ndf5 $1 gxf5 25. Nxf5 Qe5 26. Qxd6+ Qxd6 27. Nxd6 $18) 23. Bxd6 $1 Qe6
24. Bf4 Qe7 25. Nxd4 Ne5 26. Qa5 Nbd7 27. Qc7 Qf6 (27... Rab8 $142) 28. Ne2 $18
Bc6 29. Rd6 Re6 30. Rxe6 Qxe6 31. Nd4 Qe8 32. Nxc6 Rc8 33. Nxe5 $1 {[%mdl 64]}
Nxe5 (33... Rxc7 34. Nexf7+ Qxf7 35. Nxf7+ Kg8 36. Bxc7 $18) 34. Qxe5 $1 (34.
Qxe5 Bxe5 35. Bxe5+ Qxe5 36. Nxf7+ Kg7 37. Nxe5 $18) 1-0

[Event "World Women-ch"]
[Site "Kazan/Shenyang"]
[Date "1999.07.01"]
[Round "3"]
[White "Galliamova, Alisa"]
[Black "Xie, Jun"]
[Result "1-0"]
[WhiteElo "2556"]
[BlackElo "2528"]
[Annotator "Wedberg,T"]
[PlyCount "79"]
[EventDate "1999.07.05"]
[EventType "match"]
[EventRounds "16"]
[EventCountry "RUS"]
[SourceTitle "CBM 073"]
[Source "ChessBase"]
[SourceDate "1999.12.01"]
[SourceVersion "1"]
[SourceVersionDate "1999.12.01"]
[SourceQuality "1"]

1. e4 e5 2. Nf3 Nc6 3. Bb5 a6 4. Ba4 Nf6 5. O-O Be7 6. Re1 b5 7. Bb3 d6 8. c3
O-O 9. h3 Na5 10. Bc2 c5 11. d4 Nc6 12. d5 Na5 13. Nbd2 g6 14. b3 (14. b4 Nb7
15. a4 Bd7 16. Nf1 (16. a5 {This leads to a rather equal game.} Rc8 17. Nf1 Nh5
18. Bh6 Re8 19. Qd2 Bf8 20. Bg5 Be7 21. Be3 Bf6 $11 {1/2-1/2 De Firmian,
N-Torre,E/Biel 1989/CBM 14 (39)}) 16... Qc7 17. Bh6 Rfc8 18. axb5 cxb4 19. bxa6
Nc5 20. cxb4 Nxa6 21. Ba4 Nxb4 22. Bxd7 Rxa1 23. Qxa1 $10 {1/2-1/2 Geller,
E-Romanishin,O/Moscow 1985/MCL/[Dolmatov] (85)}) (14. Nf1 Nh5 15. b4 cxb4 16.
cxb4 Nc4 17. N1d2 Bd7 18. Nxc4 bxc4 19. a4 Qc7 20. Re3 Rab8 21. Bd2 Rfc8 $13 {
0-1 Sokolov,A-Romanishin,O/Leningrad 1987/CBM 03 (61)}) 14... Bd7 15. Nf1 Nh5
16. Be3 Bf6 17. Kh2 Nb7 18. g3 Qc7 19. Qd2 Bg7 20. Qe2 Qc8 21. Ng1 Qe8 $1 {
[%cal Ye8h5,Yf7f5] Protecting h5. Black is ready to attack with f5.
Instructive Q-moves on the back rank from the world champion.} 22. Bd2 f5 23.
exf5 gxf5 24. Nf3 c4 $5 25. b4 {Now d5 is weak.} (25. bxc4 $5 Rc8 (25... Nc5)
26. cxb5 Bxb5 27. Qd1 Nc5 {Black has some activity for the P.}) 25... a5 26. a3
Nf6 27. Ne3 axb4 28. axb4 Rxa1 29. Rxa1 f4 $40 30. Nf5 Qh5 31. N5h4 e4 $1 32.
Bxe4 (32. Nd4 f3 33. Qe1 Qxd5 $17) 32... Re8 33. g4 Qf7 $2 {This meets with a
nice refutation.} (33... Bxg4 $1 34. hxg4 Nxg4+ 35. Kg1 Nf6 36. Ra7 Rxe4 37.
Qf1 Nd8 $17) 34. Ng5 Qe7 35. Ra8 $1 $16 {[%mdl 64] This turns the game around.}
Bf8 (35... Rxa8 36. Bxh7+ Kf8 37. Ng6+ Ke8 38. Qxe7#) 36. Rxe8 Bxe8 37. Nf5 Qe5
38. Qf3 Nxe4 39. Nxe4 Kh8 40. Ng5 1-0

[Event "Monarch Assurance 08th"]
[Site "Port Erin"]
[Date "1999.11.12"]
[Round "7"]
[White "Short, Nigel D"]
[Black "Hebden, Mark"]
[Result "0-1"]
[WhiteElo "2675"]
[BlackElo "2510"]
[Annotator "Wedberg,T"]
[PlyCount "84"]
[EventDate "1999.11.06"]
[EventType "swiss"]
[EventRounds "9"]
[EventCountry "IOM"]
[SourceTitle "CBM 074"]
[Source "ChessBase"]
[SourceDate "2000.02.01"]
[SourceVersion "1"]
[SourceVersionDate "2000.02.01"]
[SourceQuality "1"]

1. e4 e5 2. Nf3 Nc6 3. Bb5 a6 4. Ba4 Nf6 5. O-O Be7 6. Re1 b5 7. Bb3 O-O 8. c3
d6 9. h3 Na5 10. Bc2 c5 11. d4 Re8 12. dxe5 dxe5 13. Nxe5 Bb7 14. Qf3 (14. Nd2
Bd6 15. Nef3 Qc7 16. b3 Rad8 17. Bb2 c4 18. Qe2 Bc5 (18... Bf4 19. Rad1 g6 20.
e5 Rxd2 21. Nxd2 Rxe5 22. Qf1 $14 {1-0 Ernst,T-Hebden,M/Malmo 1987/TD (32)})
19. Rac1 Nh5 20. b4 Ng3 21. Qd1 $16 {1-0 Howell,J-Hebden,M/Eastbourne 1991/EXT
97 (41)}) (14. Qxd8 Bxd8 15. Ng4 Nxe4 $11 {1/2-1/2 Lutz,C-Emms,J/Copenhagen
1995/CBM 47 ext (22)}) 14... Bf8 15. Bf4 Re6 16. Ng4 Nc4 17. Nxf6+ Rxf6 {
[%mdl 512] A positional exchange sacrifice.} 18. Bg5 $6 {Somewhat rash. Black
gets a lot of play for the exchange.} (18. b3 $5 {since} Bd6 (18... Ne5 19. Qe3
Re6 20. Nd2 $16) 19. Bg5 $1 {gives White a better version of the game.} Rxf3
20. Bxd8 Rxd8 21. gxf3 Ne5 22. Kg2 $18) 18... Rxf3 19. Bxd8 Rxd8 20. gxf3 Nxb2
$44 {Black's compensation is to be found in the ruptured white P-formation and
his overall more harmonious postion.} 21. a4 b4 22. Ra2 Nc4 23. Rd1 Re8 24.
cxb4 cxb4 25. Nd2 Ne5 26. Bb3 (26. f4 Ng6 27. f5 Nf4 $132) 26... Rd8 27. Kg2
Rd3 28. Bc2 $6 (28. Rb2 $142) 28... Rc3 29. Bb1 Bc6 30. Nf1 (30. f4 Ng6 $15)
30... Nxf3 31. Ne3 b3 $17 {Clearly White's condition hasn't improved over the
last few moves.} 32. Rb2 Nh4+ 33. Kg3 g5 34. Kg4 (34. Rd3 $142 Rxd3 35. Bxd3
Bxa4 36. Bxa6 Bg7 37. Rb1 b2 $15) 34... h6 35. Rd8 Kg7 36. Rbd2 Bc5 37. Bd3
Bxe3 38. fxe3 Bxa4 39. e5 Bc6 40. Rf2 a5 41. e6 fxe6 42. e4 Ng6 0-1

[Event "RUS-Cup02"]
[Site "Moscow"]
[Date "1998.01.26"]
[Round "6"]
[White "Dolmatov, Sergey"]
[Black "Kholmov, Ratmir D"]
[Result "1-0"]
[WhiteElo "2570"]
[BlackElo "2475"]
[Annotator "Wedberg,T"]
[PlyCount "97"]
[EventDate "1998.01.21"]
[EventType "swiss"]
[EventRounds "9"]
[EventCountry "RUS"]
[SourceTitle "CBM 063"]
[Source "ChessBase"]
[SourceDate "1998.03.26"]
[SourceVersion "1"]
[SourceVersionDate "1998.03.26"]
[SourceQuality "1"]

{Dolmatov utilises the old strategy of opening a second front to take
advantage or superior mobility. He also introduces a new move, but the ideas
behind it are well known since the classical game Spassky - Tringov, Amsterdam
(izt) 1964.} 1. e4 e5 2. Nf3 Nc6 3. Bb5 a6 4. Ba4 Nf6 5. O-O Be7 6. Re1 b5 7.
Bb3 d6 8. c3 O-O 9. h3 Na5 10. Bc2 c5 11. d4 Nd7 12. Nbd2 cxd4 13. cxd4 Nc6 14.
d5 Nb4 15. Bb1 a5 16. a3 Na6 17. b4 axb4 18. axb4 Nb6 19. Qb3 Bd7 (19... f5 20.
Bd3 Nc7 21. Rxa8 Nbxa8 22. Nxe5 dxe5 23. d6+ $16 {1-0 Butt,S-Oparaugo,T/WchJ
U18 1987/EXT 87ch (29)}) 20. Bd3 (20. Nf1 Nc4 21. Ra2 Nc7 22. Ne3 Rxa2 23. Qxa2
Nb6 24. Rd1 $14 {Haag,E-Foldi,J/HUN-ch21 1965/MCD-ch/1-0 (77)}) 20... Qb8 21.
Nb1 $146 (21. Nf1 Nc4 22. Rb1 Rc8 23. Ng3 g6 24. Qd1 Nb6 25. Ng5 Rc7 26. f4 $16
{1-0 Spassky,B-Tringov,G/Amsterdam izt 1964/IZT (45)}) 21... Rc8 22. Na3 Nc7
23. Be3 Qb7 24. Nd2 Rcb8 25. Rac1 Bd8 26. Nc2 Ne8 27. f4 $1 {White needs a
second front to utilise his superior mobility. When Deep Blue played this very
move, albeit in a different spanish position, against Kasparov the computer
was considered to play like a human.} exf4 28. Bxf4 Bf6 29. Be3 Rc8 30. Nd4 $14
Na4 31. N2f3 g6 32. Nc6 $5 Bxc6 33. dxc6 Rxc6 34. e5 $1 {[%cal Yd3e4,Ye4a8]}
Rxc1 35. Bxc1 dxe5 36. Be4 Qa7+ 37. Be3 Qa6 38. Bxa8 Qxa8 39. Bg5 $16 Qa7+ 40.
Kh1 Bxg5 41. Nxg5 Nb6 42. Qe3 (42. Nf3 Nc4 43. Nxe5 Nxe5 44. Qd5 $1 $18) 42...
f6 43. Qc5 Qb8 (43... fxg5 $2 44. Rf1 Qg7 45. Qxb6 $18) 44. Ne4 Kf7 45. Qxb5
Nc7 46. Qc6 Ne6 47. Rd1 Qc7 48. Qxc7+ Nxc7 49. Nxf6 1-0

[Event "EU-Cup 09th Group5"]
[Site "Balatonbereny"]
[Date "1993.09.07"]
[Round "1"]
[White "Tatai, Stefano"]
[Black "Romanishin, Oleg M"]
[Result "0-1"]
[WhiteElo "2440"]
[BlackElo "2615"]
[Annotator "Wolff,P"]
[PlyCount "68"]
[EventDate "1993.09.07"]
[EventType "team-k.o."]
[EventRounds "3"]
[EventCountry "HUN"]
[SourceTitle "EXT 2020"]
[Source "ChessBase"]
[SourceDate "2019.10.17"]
[SourceVersion "1"]
[SourceVersionDate "2019.10.17"]
[SourceQuality "1"]
[WhiteTeam "Genova CS"]
[BlackTeam "Zagreb Mladost-Novogradnja"]
[WhiteTeamCountry "ITA"]
[BlackTeamCountry "CRO"]

1. e4 e5 2. Nf3 Nc6 3. Bb5 a6 4. Ba4 Nf6 5. O-O Be7 6. Re1 b5 7. Bb3 d6 8. c3
O-O 9. h3 Na5 10. Bc2 c5 11. d4 Bb7 $5 {This has become quite topical during
the last few years, and Romanishin has been both leading the way and riding
the crest of this variation's popularity.} 12. Nbd2 (12. d5 $5 {ץb7 This may
be White's easiest way to play, and there is no indication that Black has easy
equality. At least in the top games, the result tends to be many draws, a few
wins for White, and no losses! One recent example:} Nc4 13. b3 Nb6 14. a4 Bc8
15. a5 Nbd7 16. Nbd2 g6 17. Nf1 Nh5 18. Bh6 Re8 19. Qd2 $14 {Peng
Xiaomen-Romanishin,O Lucerne WchT 1993}) 12... cxd4 13. cxd4 exd4 14. Nxd4 Re8
15. Nf1 Bf8 16. Ng3 g6 $1 {This position is the main branching point after 12.
Nbd2. White has tried many moves, but so far no one move has proven any
tangible advantage for White.} 17. Nf3 $146 Bg7 18. Bd2 Nc4 19. Bc3 Rc8 $10 20.
a4 $6 b4 $1 21. Bd4 (21. Bxb4 Nxb2 $15) 21... d5 $1 22. exd5 (22. e5 Nd7 $17)
22... Rxe1+ 23. Nxe1 (23. Qxe1 Bxd5 $1 $15) 23... Bxd5 24. b3 Na3 $1 25. Bb2
Nxc2 26. Nxc2 a5 $17 {><b3,^^} 27. Ne3 Be6 28. Qxd8+ Rxd8 29. Rb1 h5 $1 {><e4}
30. Ne2 Rd3 31. Nc4 Bxc4 32. bxc4 Ne4 33. Bxg7 Kxg7 34. Rc1 b3 (34... b3 {
/\35...b2 36.Rb1 Rd2 37.Kf1 Rxe2!} 35. Rb1 (35. Kf1 b2 36. Rb1 Nd2+) (35. c5
Nxc5 36. Rxc5 b2 37. Nc3 (37. Rb5 Rd1+) 37... Rxc3) 35... Nd2 (35... Rd2 36.
Ng3 $1 Nxg3 37. fxg3 b2 {But even this position is lost, /\...Kf6-e5-d4.}) 36.
Rb2 (36. Nc1 Rc3 37. Ne2 Nxb1 38. Nxc3 Nxc3) 36... Nxc4 $19) 0-1